000 00535nam a2200193Ia 4500
005 20250326141817.0
008 250326s9999 xx 000 0 und d
037 _aTextbook
040 _aFMSL
_beng
_cFMSL
041 _aeng
_2eng
084 _aX:57 M8
_qFMSL
100 _aChaudhuri B K
_9510976
245 0 _aFice of foreign trade and foreign exchange
_cChaudhuri B K
250 _a2nd
260 _aBombay
_bBombay, Himalya Pub. House
_c1988
300 _a399p
942 _cTB
_hX:57 M8
999 _c1292090
_d1292090